000 00351 a2200109 4500
001 ART_8421
005 20260410161557.0
008 260409a
245 1 0 _aEn torno a la docencia de contabilidad. Una reflexión personal
100 1 _aTua Pereda, Jorge
773 0 _tProfesional & Empresaria
_g- Año XII, Nº 131 (ago. 2010)
_wREV70
999 _c9335
_d9335